Dibujos 1987, libro de viaje (Record no. 1781)
[ view plain ]
| 000 -LEADER | |
|---|---|
| campo de control de longitud fija | 00379nam a2200121 4500 |
| 008 - DATOS DE LONGITUD FIJA--INFORMACIÓN GENERAL | |
| campo de control de longitud fija | 741 R297d |
| 082 ## - NÚMERO DE LA CLASIFICACIÓN DECIMAL DEWEY | |
| Número de clasificación | 741 |
| Número de ítem | R297d |
| 100 ## - ENTRADA PRINCIPAL--NOMBRE DE PERSONA | |
| Nombre de persona | Raúl Recio |
| 9 (RLIN) | 7029 |
| 245 ## - MENCIÓN DEL TÍTULO | |
| Título | Dibujos 1987, libro de viaje |
| 260 ## - PUBLICACIÓN, DISTRIBUCIÓN, ETC. | |
| Lugar de publicación, distribución, etc. | República Dominicana |
| Nombre del editor, distribuidor, etc. | Editora de Colores |
| Fecha de publicación, distribución, etc. | 1997 |
| 300 ## - DESCRIPCIÓN FÍSICA | |
| Extensión | 60 p. |
| Otras características físicas | il |
| Dimensiones | 31 x 23,5 cm |
| 650 ## - PUNTO DE ACCESO ADICIONAL DE MATERIA--TÉRMINO DE MATERIA | |
| Subdivisión general | arte - dibujo |
| -- | arte - República Dominicana |
| -- | arte - ilustración |
| 9 (RLIN) | 7030 |
| Estatus retirado | Estado de pérdida | Fuente del sistema de clasificación o colocación | Estado de daño | No para préstamo | Biblioteca de origen | Biblioteca actual | Ubicación en estantería | Fecha de adquisición | Número de inventario | Total de préstamos | Signatura topográfica completa | Visto por última vez | Precio de reemplazo | Tipo de ítem Koha |
|---|---|---|---|---|---|---|---|---|---|---|---|---|---|---|
| Clasificación Decimal Dewey | Biblioteca LadoV | Biblioteca LadoV | 11/05/2019 | 004800 | 741 R297d | 11/05/2019 | 11/05/2019 | Material 01 |
